| 000 | 00647nam a22002297a 4500 | ||
|---|---|---|---|
| 003 | OSt | ||
| 005 | 20140310181930.0 | ||
| 008 | 130722t xxu||||| |||| 00| 0 eng d | ||
| 020 | _a9780030573613 | ||
| 050 |
_aQC 21.2 _b.H758 2002 |
||
| 082 |
_aTRS 530 _bH74sr 2002 |
||
| 100 |
_aHolt, Rinehart _92630 |
||
| 245 |
_aHolt physics section reviews / _cHolt. |
||
| 260 |
_aAustin : _bHolt, Rinehart and Winston, _cc2002. |
||
| 300 |
_a135 p. : _c28 cm. |
||
| 500 | _a(consumable pages) | ||
| 521 | _aFaculty | ||
| 541 | _j1 | ||
| 562 | _e1 | ||
| 650 |
_aPhysics _xStudy and teaching (Secondary). _92631 |
||
| 942 |
_2lcc _cBK-TR _kTR |
||
| 999 |
_c7314 _d7314 |
||